[Event "blitmenteam"]
[Site "?"]
[Date "2016.10.07"]
[Round "14.18"]
[White "Nechaev, Oleg"]
[Black "Romanov, Evgeny"]
[Result "0-1"]
[LiveChessVersion "1.4.4"]
[BlackElo "2518"]
[WhiteElo "2369"]

1. d4 {[%clk 0:03:03]} Nf6 {[%clk 0:03:03]} 2. Bg5 {[%clk 0:03:04]} e6
{[%clk 0:03:02]} 3. Nd2 {[%clk 0:03:05]} c5 {[%clk 0:03:02]} 4. e3
{[%clk 0:03:06]} h6 {[%clk 0:03:02]} 5. Bf4 {[%clk 0:03:06]} d5 {[%clk 0:02:55]}
6. c3 {[%clk 0:03:06]} Nc6 {[%clk 0:02:56]} 7. Ngf3 {[%clk 0:03:07]} Bd6
{[%clk 0:02:51]} 8. Bg3 {[%clk 0:03:06]} O-O {[%clk 0:02:49]} 9. Bd3
{[%clk 0:03:06]} b6 {[%clk 0:02:35]} 10. O-O {[%clk 0:03:02]} Bb7
{[%clk 0:02:36]} 11. Ne5 {[%clk 0:03:03]} Ne7 {[%clk 0:02:30]} 12. f4
{[%clk 0:03:02]} Nf5 {[%clk 0:02:28]} 13. Bf2 {[%clk 0:03:03]} Be7
{[%clk 0:02:29]} 14. g4 {[%clk 0:02:34]} Nd6 {[%clk 0:02:30]} 15. h4
{[%clk 0:02:09]} Nfe4 {[%clk 0:02:29]} 16. g5 {[%clk 0:02:09]} Nf5
{[%clk 0:02:20]} 17. Ndf3 {[%clk 0:01:26]} f6 {[%clk 0:02:12]} 18. Ng6
{[%clk 0:01:25]} Rf7 {[%clk 0:02:07]} 19. gxh6 {[%clk 0:01:19]} Nxh6
{[%clk 0:02:06]} 20. h5 {[%clk 0:01:19]} Bd6 {[%clk 0:01:43]} 21. Bxe4
{[%clk 0:01:18]} dxe4 {[%clk 0:01:44]} 22. Nfh4 {[%clk 0:01:17]} Ba6
{[%clk 0:01:39]} 23. Re1 {[%clk 0:01:18]} Bd3 {[%clk 0:01:37]} 24. Qd2
{[%clk 0:01:08]} cxd4 {[%clk 0:01:23]} 25. exd4 {[%clk 0:00:57]} Qd7
{[%clk 0:01:18]} 26. Be3 {[%clk 0:00:58]} Re8 {[%clk 0:01:05]} 27. Qg2
{[%clk 0:00:58]} f5 {[%clk 0:00:59]} 28. Kh1 {[%clk 0:00:41]} Ng4
{[%clk 0:00:59]} 29. Qh3 {[%clk 0:00:39]} Qd8 {[%clk 0:00:51]} 30. Rg1
{[%clk 0:00:40]} Nh6 {[%clk 0:00:47]} 31. Rg2 {[%clk 0:00:37]} Be7
{[%clk 0:00:43]} 32. Rag1 {[%clk 0:00:37]} Bf6 {[%clk 0:00:35]} 33. Rg3
{[%clk 0:00:32]} Be2 {[%clk 0:00:35]} 34. R1g2 {[%clk 0:00:32]} Bxh5
{[%clk 0:00:33]} 35. Nxf5 {[%clk 0:00:27]} exf5 {[%clk 0:00:28]} 36. Qxh5
{[%clk 0:00:28]} Rc7 {[%clk 0:00:19]} 37. Ne5 {[%clk 0:00:25]} Bxe5
{[%clk 0:00:17]} 38. fxe5 {[%clk 0:00:26]} Ng4 {[%clk 0:00:19]} 39. Rxg4
{[%clk 0:00:25]} fxg4 {[%clk 0:00:19]} 40. Qxg4 {[%clk 0:00:26]} Qd7
{[%clk 0:00:18]} 41. Qxe4 {[%clk 0:00:25]} Qh3+ {[%clk 0:00:15]} 42. Kg1
{[%clk 0:00:22]} Rf7 {[%clk 0:00:14]} 43. d5 {[%clk 0:00:19]} Ref8
{[%clk 0:00:12]} 44. Bf2 {[%clk 0:00:19]} Rf3 {[%clk 0:00:09]} 45. e6
{[%clk 0:00:16]} Rd3 {[%clk 0:00:08]} 46. e7 {[%clk 0:00:15]} Rd1+
{[%clk 0:00:08]} 47. Be1 {[%clk 0:00:16]} Re8 {[%clk 0:00:09]} 48. Qe5
{[%clk 0:00:09]} Qh6 {[%clk 0:00:07]} 49. Kf1 {[%clk 0:00:05]} Qh1+
{[%clk 0:00:07]} 50. Kf2 {[%clk 0:00:04]} Qh4+ {[%clk 0:00:08]} 51. Kf1
{[%clk 0:00:06]} Rxe7 {[%clk 0:00:08]} 52. Rxg7+ {[%clk 0:00:03]} 0-1

[Event "blitmenteam"]
[Site "?"]
[Date "2016.10.07"]
[Round "14.19"]
[White "Levin, Evgeny A."]
[Black "Rozhko, Dmitry"]
[Result "1-0"]
[LiveChessVersion "1.4.4"]
[BlackElo "2288"]
[WhiteElo "2480"]

1. d4 {[%clk 0:03:03]} d5 {[%clk 0:03:04]} 2. Nf3 {[%clk 0:03:04]} Nf6
{[%clk 0:03:00]} 3. c4 c6 4. e3 {[%clk 0:03:06]} g6 {[%clk 0:03:00]} 5. Nc3
{[%clk 0:03:06]} Bg7 {[%clk 0:03:01]} 6. Be2 {[%clk 0:03:07]} O-O
{[%clk 0:02:58]} 7. O-O a6 8. a4 {[%clk 0:03:00]} a5 {[%clk 0:03:01]} 9. cxd5
{[%clk 0:02:57]} Nxd5 {[%clk 0:02:58]} 10. e4 {[%clk 0:02:49]} Nb4
{[%clk 0:02:59]} 11. Be3 {[%clk 0:02:49]} N8a6 {[%clk 0:02:53]} 12. Qd2
{[%clk 0:02:47]} Bg4 {[%clk 0:02:47]} 13. Rfd1 {[%clk 0:02:37]} Qd7
{[%clk 0:02:22]} 14. Rac1 {[%clk 0:02:33]} Rad8 {[%clk 0:02:21]} 15. h3
{[%clk 0:02:24]} Bxf3 {[%clk 0:02:20]} 16. Bxf3 {[%clk 0:02:25]} Qe6
{[%clk 0:02:00]} 17. d5 {[%clk 0:02:01]} cxd5 {[%clk 0:01:54]} 18. exd5
{[%clk 0:01:53]} Qd7 {[%clk 0:01:52]} 19. Bg4 {[%clk 0:01:45]} f5
{[%clk 0:01:50]} 20. Be2 {[%clk 0:01:43]} Rc8 {[%clk 0:01:32]} 21. Bf4
{[%clk 0:01:32]} Kh8 {[%clk 0:01:27]} 22. Bb5 {[%clk 0:01:32]} Qd8
{[%clk 0:01:25]} 23. Qe2 {[%clk 0:01:11]} Nc5 {[%clk 0:01:25]} 24. d6
{[%clk 0:01:08]} exd6 {[%clk 0:01:05]} 25. Bxd6 {[%clk 0:01:07]} Qb6
{[%clk 0:00:49]} 26. Bxf8 {[%clk 0:01:04]} Rxf8 {[%clk 0:00:49]} 27. Nd5
{[%clk 0:01:02]} Nxd5 {[%clk 0:00:45]} 28. Rxd5 {[%clk 0:01:03]} Ne4
{[%clk 0:00:41]} 29. Qe3 {[%clk 0:00:52]} Qf6 {[%clk 0:00:18]} 30. Rd7
{[%clk 0:00:47]} Qxb2 {[%clk 0:00:15]} 31. Rcc7 {[%clk 0:00:44]} Qa1+
{[%clk 0:00:10]} 32. Bf1 {[%clk 0:00:43]} Rg8 {[%clk 0:00:07]} 33. Rxb7
{[%clk 0:00:40]} Nc3 {[%clk 0:00:06]} 34. Rxg7 {[%clk 0:00:34]} Rxg7
{[%clk 0:00:07]} 35. Qe8+ {[%clk 0:00:34]} Rg8 {[%clk 0:00:08]} 36. Qe5+
{[%clk 0:00:36]} 1-0

[Event "blitmenteam"]
[Site "?"]
[Date "2016.10.07"]
[Round "14.20"]
[White "Shandrygin, Nikita"]
[Black "Usmanov, Vasily"]
[Result "0-1"]
[LiveChessVersion "1.4.4"]
[BlackElo "2396"]
[WhiteElo "2202"]

1. e4 {[%clk 0:03:03]} d5 {[%clk 0:03:04]} 2. exd5 {[%clk 0:03:05]} Qxd5
{[%clk 0:03:05]} 3. Nf3 {[%clk 0:03:06]} c6 {[%clk 0:03:06]} 4. Be2
{[%clk 0:03:07]} Nf6 {[%clk 0:03:06]} 5. O-O {[%clk 0:03:08]} Bf5
{[%clk 0:03:05]} 6. d4 {[%clk 0:03:08]} e6 {[%clk 0:03:02]} 7. c4
{[%clk 0:03:09]} Qa5 {[%clk 0:03:02]} 8. Nc3 {[%clk 0:03:10]} Be7
{[%clk 0:03:02]} 9. h3 {[%clk 0:03:11]} O-O {[%clk 0:03:03]} 10. Be3
{[%clk 0:03:13]} Rd8 {[%clk 0:03:02]} 11. Qb3 {[%clk 0:03:13]} Qb4
{[%clk 0:02:59]} 12. Rac1 {[%clk 0:03:04]} Qxb3 {[%clk 0:02:59]} 13. axb3
{[%clk 0:03:05]} Na6 {[%clk 0:02:59]} 14. Nh4 {[%clk 0:03:00]} Be4
{[%clk 0:02:47]} 15. Nxe4 {[%clk 0:03:00]} Nxe4 {[%clk 0:02:48]} 16. Nf3
{[%clk 0:03:02]} Nb4 {[%clk 0:02:46]} 17. Rfd1 {[%clk 0:02:58]} c5
{[%clk 0:02:40]} 18. Kf1 {[%clk 0:01:58]} cxd4 {[%clk 0:02:25]} 19. Nxd4
{[%clk 0:01:58]} Nc5 {[%clk 0:02:22]} 20. Nb5 {[%clk 0:01:08]} a6
{[%clk 0:02:08]} 21. Bxc5 {[%clk 0:01:05]} Bxc5 {[%clk 0:02:07]} 22. Nc3
{[%clk 0:01:06]} Kf8 {[%clk 0:01:40]} 23. Bf3 {[%clk 0:01:07]} Nc6
{[%clk 0:01:18]} 24. Rxd8+ {[%clk 0:00:40]} Rxd8 {[%clk 0:01:19]} 25. Rd1
{[%clk 0:00:41]} Rxd1+ {[%clk 0:01:17]} 26. Nxd1 {[%clk 0:00:40]} Na5
{[%clk 0:00:59]} 27. Nc3 {[%clk 0:00:42]} Nxb3 {[%clk 0:00:59]} 28. Bxb7
{[%clk 0:00:37]} Nd2+ {[%clk 0:01:00]} 29. Ke2 {[%clk 0:00:32]} Nxc4
{[%clk 0:01:01]} 30. Bxa6 {[%clk 0:00:24]} Nxb2 {[%clk 0:01:01]} 31. Bb5
{[%clk 0:00:22]} Bd4 {[%clk 0:00:54]} 32. Ne4 {[%clk 0:00:13]} Ke7
{[%clk 0:00:52]} 33. Kd2 {[%clk 0:00:10]} f5 {[%clk 0:00:52]} 34. Ng3
{[%clk 0:00:09]} Bxf2 {[%clk 0:00:51]} 35. Ne2 {[%clk 0:00:11]} Bh4
{[%clk 0:00:47]} 36. Kc2 {[%clk 0:00:11]} Bf6 {[%clk 0:00:48]} 37. Nf4
{[%clk 0:00:06]} g5 {[%clk 0:00:44]} 38. Nd3 {[%clk 0:00:04]} Nxd3
{[%clk 0:00:44]} 39. Kxd3 {[%clk 0:00:05]} e5 {[%clk 0:00:40]} 40. Ke2
{[%clk 0:00:05]} Kd6 {[%clk 0:00:40]} 41. Bc4 {[%clk 0:00:04]} e4
{[%clk 0:00:40]} 42. Bg8 {[%clk 0:00:05]} h6 {[%clk 0:00:41]} 43. Bh7
{[%clk 0:00:06]} Ke5 {[%clk 0:00:42]} 44. g4 {[%clk 0:00:08]} f4 {[%clk 0:00:42]}
45. Bf5 {[%clk 0:00:07]} f3+ {[%clk 0:00:43]} 46. Kf2 {[%clk 0:00:07]} Kf4
{[%clk 0:00:44]} 47. Ke1 {[%clk 0:00:08]} e3 0-1

[Event "blitmenteam"]
[Site "?"]
[Date "2016.10.07"]
[Round "15.2"]
[White "Morozevich, Alexander"]
[Black "Shemeakin, Alexander"]
[Result "1-0"]
[LiveChessVersion "1.4.4"]
[BlackElo "2318"]
[WhiteElo "2669"]

1. e4 {[%clk 0:03:03]} e6 {[%clk 0:03:03]} 2. d4 {[%clk 0:03:04]} d5
{[%clk 0:03:04]} 3. Nc3 {[%clk 0:03:05]} Nf6 {[%clk 0:03:05]} 4. e5
{[%clk 0:03:06]} Nfd7 {[%clk 0:03:06]} 5. Nce2 {[%clk 0:03:07]} c5
{[%clk 0:03:07]} 6. c3 {[%clk 0:03:08]} Nc6 {[%clk 0:03:07]} 7. f4
{[%clk 0:03:09]} b5 {[%clk 0:03:03]} 8. a3 {[%clk 0:03:10]} a5 {[%clk 0:02:43]}
9. Nf3 {[%clk 0:03:11]} Rb8 {[%clk 0:02:24]} 10. f5 {[%clk 0:03:08]} Nb6
{[%clk 0:02:15]} 11. fxe6 {[%clk 0:03:00]} Bxe6 {[%clk 0:02:15]} 12. Nf4
{[%clk 0:03:01]} c4 {[%clk 0:01:45]} 13. Nxe6 fxe6 {[%clk 0:01:45]} 14. Ng5
{[%clk 0:02:40]} Qd7 {[%clk 0:01:45]} 15. Qg4 {[%clk 0:02:39]} Nd8
{[%clk 0:01:38]} 16. Nxh7 {[%clk 0:02:31]} Qf7 {[%clk 0:01:22]} 17. Nxf8
{[%clk 0:02:22]} Kxf8 {[%clk 0:01:06]} 18. Be2 {[%clk 0:02:20]} Kg8
{[%clk 0:01:07]} 19. Rf1 {[%clk 0:02:12]} Qe8 {[%clk 0:00:55]} 20. h4
{[%clk 0:02:00]} Nf7 {[%clk 0:00:51]} 21. Rf6 {[%clk 0:01:53]} Nd8
{[%clk 0:00:29]} 22. Rg6 {[%clk 0:01:48]} Rb7 {[%clk 0:00:30]} 23. h5
{[%clk 0:01:49]} Rf7 {[%clk 0:00:19]} 24. Bg5 {[%clk 0:01:48]} Nd7
{[%clk 0:00:05]} 25. Bxd8 {[%clk 0:01:42]} Qxd8 {[%clk 0:00:05]} 26. Rxe6
{[%clk 0:01:32]} Nf8 {[%clk 0:00:06]} 27. Rd6 {[%clk 0:01:32]} Qa8
{[%clk 0:00:06]} 28. Bf3 {[%clk 0:01:31]} 1-0

[Event "blitmenteam"]
[Site "?"]
[Date "2016.10.07"]
[Round "15.3"]
[White "Neznanov, Aleksandr"]
[Black "Popov, Ivan"]
[Result "0-1"]
[LiveChessVersion "1.4.4"]
[BlackElo "2606"]
[WhiteElo "1902"]

1. c4 {[%clk 0:03:03]} e5 {[%clk 0:03:03]} 2. Nc3 {[%clk 0:03:04]} Nf6
{[%clk 0:03:04]} 3. g3 {[%clk 0:03:05]} Nc6 {[%clk 0:03:04]} 4. Bg2
{[%clk 0:03:06]} Bb4 {[%clk 0:03:05]} 5. Qc2 {[%clk 0:03:06]} O-O
{[%clk 0:02:58]} 6. Nf3 {[%clk 0:03:03]} d6 {[%clk 0:02:55]} 7. O-O
{[%clk 0:02:56]} h6 {[%clk 0:02:56]} 8. d3 {[%clk 0:02:53]} Re8 {[%clk 0:02:48]}
9. Nd5 {[%clk 0:02:40]} Nxd5 {[%clk 0:02:42]} 10. cxd5 {[%clk 0:02:40]} Nd4
{[%clk 0:02:43]} 11. Nxd4 {[%clk 0:02:37]} exd4 {[%clk 0:02:44]} 12. e3
{[%clk 0:02:19]} dxe3 {[%clk 0:02:36]} 13. Bxe3 {[%clk 0:02:20]} Ba5
{[%clk 0:02:26]} 14. Rac1 {[%clk 0:02:16]} Bf5 {[%clk 0:02:20]} 15. Be4
{[%clk 0:02:12]} Bh3 {[%clk 0:02:05]} 16. Bg2 {[%clk 0:01:54]} Bxg2
{[%clk 0:02:04]} 17. Kxg2 {[%clk 0:01:55]} Re7 {[%clk 0:01:57]} 18. Qa4
{[%clk 0:01:41]} Bb6 {[%clk 0:01:52]} 19. Bxb6 {[%clk 0:01:34]} axb6
{[%clk 0:01:52]} 20. Qc4 {[%clk 0:01:35]} Qd7 {[%clk 0:01:46]} 21. b3
{[%clk 0:01:36]} Rxa2 {[%clk 0:01:42]} 22. Ra1 {[%clk 0:01:21]} Rxa1
{[%clk 0:01:35]} 23. Rxa1 {[%clk 0:01:22]} Qf5 {[%clk 0:01:34]} 24. Ra2
{[%clk 0:01:13]} h5 {[%clk 0:01:31]} 25. h4 {[%clk 0:01:13]} Qd7 {[%clk 0:01:07]}
26. Ra7 {[%clk 0:01:09]} b5 {[%clk 0:00:56]} 27. Qc1 {[%clk 0:00:28]} Qf5
{[%clk 0:00:49]} 28. Rxb7 {[%clk 0:00:16]} Qxd5+ 0-1

[Event "blitmenteam"]
[Site "?"]
[Date "2016.10.07"]
[Round "15.4"]
[White "Motylev, Alexander"]
[Black "Volkov, Igor"]
[Result "1-0"]
[LiveChessVersion "1.4.4"]
[BlackElo "1947"]
[WhiteElo "2613"]

1. e4 {[%clk 0:03:03]} c5 {[%clk 0:03:02]} 2. Nf3 {[%clk 0:03:04]} Nc6
{[%clk 0:03:03]} 3. Bb5 e6 4. Bxc6 {[%clk 0:03:05]} bxc6 {[%clk 0:03:05]} 5. d3
{[%clk 0:03:06]} d5 {[%clk 0:03:06]} 6. O-O {[%clk 0:03:05]} Nf6 {[%clk 0:03:07]}
7. Qe2 {[%clk 0:03:05]} Be7 {[%clk 0:03:07]} 8. b3 {[%clk 0:03:05]} O-O
{[%clk 0:03:07]} 9. Bb2 {[%clk 0:03:06]} Nd7 {[%clk 0:02:51]} 10. Nbd2
{[%clk 0:03:05]} Bf6 {[%clk 0:02:50]} 11. e5 {[%clk 0:03:03]} Be7
{[%clk 0:02:50]} 12. c4 {[%clk 0:02:58]} Rb8 {[%clk 0:02:36]} 13. g3
{[%clk 0:02:49]} Qc7 {[%clk 0:02:26]} 14. Rfe1 {[%clk 0:02:47]} Kh8
{[%clk 0:02:14]} 15. h4 {[%clk 0:02:44]} f5 {[%clk 0:01:31]} 16. exf6
{[%clk 0:02:42]} Bxf6 {[%clk 0:01:31]} 17. Bxf6 {[%clk 0:02:42]} Rxf6
{[%clk 0:01:26]} 18. Ng5 {[%clk 0:02:36]} Nf8 {[%clk 0:01:14]} 19. Rac1
{[%clk 0:02:24]} Qe7 {[%clk 0:00:45]} 20. Ndf3 {[%clk 0:02:19]} h6
{[%clk 0:00:39]} 21. Ne5 {[%clk 0:02:01]} hxg5 {[%clk 0:00:25]} 22. hxg5
{[%clk 0:02:01]} Rf5 {[%clk 0:00:21]} 23. Nxc6 {[%clk 0:01:49]} Qxg5
{[%clk 0:00:17]} 24. Nxb8 {[%clk 0:01:45]} d4 {[%clk 0:00:16]} 25. Qe4
{[%clk 0:01:33]} Bd7 {[%clk 0:00:08]} 26. Nxd7 {[%clk 0:01:29]} Nxd7
{[%clk 0:00:09]} 27. Kg2 {[%clk 0:01:13]} Nf8 {[%clk 0:00:07]} 28. Qh4+
{[%clk 0:01:11]} Qxh4 {[%clk 0:00:08]} 29. gxh4 {[%clk 0:01:11]} Kg8
{[%clk 0:00:09]} 30. Kg3 {[%clk 0:01:11]} Kf7 {[%clk 0:00:10]} 31. Re4
{[%clk 0:01:11]} Kf6 {[%clk 0:00:11]} 32. Rf4 {[%clk 0:01:11]} g6
{[%clk 0:00:11]} 33. Re1 {[%clk 0:01:10]} e5 {[%clk 0:00:11]} 34. Rxf5+ gxf5
{[%clk 0:00:13]} 35. f4 {[%clk 0:01:07]} Ng6 {[%clk 0:00:11]} 36. fxe5+
{[%clk 0:01:06]} Nxe5 {[%clk 0:00:12]} 37. Rd1 {[%clk 0:01:06]} Ng4
{[%clk 0:00:13]} 38. Kf4 {[%clk 0:01:05]} Ne3 {[%clk 0:00:13]} 39. Rd2
{[%clk 0:01:06]} a5 {[%clk 0:00:11]} 40. h5 {[%clk 0:01:05]} Ng4 {[%clk 0:00:10]}
41. Re2 {[%clk 0:01:04]} Ne3 {[%clk 0:00:08]} 42. h6 {[%clk 0:01:03]} Kg6
{[%clk 0:00:09]} 43. Rh2 {[%clk 0:01:02]} Kh7 {[%clk 0:00:08]} 44. Kg5
{[%clk 0:01:01]} Ng4 {[%clk 0:00:05]} 45. Re2 {[%clk 0:01:00]} 1-0

[Event "blitmenteam"]
[Site "?"]
[Date "2016.10.07"]
[Round "15.5"]
[White "Ponkratov, Pavel"]
[Black "Gabrielian, Artur"]
[Result "1-0"]
[LiveChessVersion "1.4.4"]
[BlackElo "2573"]
[WhiteElo "2679"]

1. c4 {[%clk 0:03:03]} Nf6 {[%clk 0:03:03]} 2. Nc3 {[%clk 0:03:05]} g6
{[%clk 0:03:04]} 3. g3 {[%clk 0:03:04]} Bg7 {[%clk 0:03:05]} 4. Bg2
{[%clk 0:03:06]} O-O {[%clk 0:03:04]} 5. Nf3 {[%clk 0:03:07]} d6 {[%clk 0:03:04]}
6. d4 {[%clk 0:03:08]} Nbd7 {[%clk 0:03:05]} 7. O-O {[%clk 0:03:07]} e5
{[%clk 0:03:05]} 8. Qc2 {[%clk 0:03:08]} Re8 {[%clk 0:03:04]} 9. Rd1
{[%clk 0:03:09]} exd4 {[%clk 0:03:01]} 10. Nxd4 {[%clk 0:03:10]} a6
{[%clk 0:03:02]} 11. b3 {[%clk 0:03:09]} h5 {[%clk 0:02:56]} 12. h3
{[%clk 0:03:06]} Rb8 {[%clk 0:02:41]} 13. Bb2 {[%clk 0:03:05]} Ne5
{[%clk 0:02:33]} 14. f4 {[%clk 0:02:57]} Ned7 {[%clk 0:02:34]} 15. e4
{[%clk 0:02:51]} Qe7 {[%clk 0:02:28]} 16. Re1 {[%clk 0:02:41]} Qf8
{[%clk 0:02:25]} 17. Nd5 {[%clk 0:02:33]} c6 {[%clk 0:02:12]} 18. Nc3
{[%clk 0:02:17]} h4 {[%clk 0:02:06]} 19. g4 {[%clk 0:02:15]} Nxg4
{[%clk 0:02:03]} 20. Rad1 {[%clk 0:02:12]} Ngf6 {[%clk 0:02:01]} 21. Qf2
{[%clk 0:02:12]} Nc5 {[%clk 0:01:09]} 22. Qxh4 {[%clk 0:02:08]} Ne6
{[%clk 0:01:09]} 23. Nxe6 {[%clk 0:01:57]} Bxe6 {[%clk 0:01:10]} 24. Kh1
{[%clk 0:01:51]} Rbd8 {[%clk 0:00:50]} 25. f5 {[%clk 0:01:48]} gxf5
{[%clk 0:00:51]} 26. Rg1 {[%clk 0:01:49]} Qe7 {[%clk 0:00:41]} 27. Bf3
{[%clk 0:01:40]} Nh7 {[%clk 0:00:39]} 28. Rxg7+ {[%clk 0:01:38]} 1-0

[Event "blitmenteam"]
[Site "?"]
[Date "2016.10.07"]
[Round "15.6"]
[White "Musalov, Ruslan"]
[Black "Khismatullin, Denis"]
[Result "0-1"]
[LiveChessVersion "1.4.4"]
[BlackElo "2604"]
[WhiteElo "2359"]

1. Nf3 {[%clk 0:03:02]} d5 {[%clk 0:03:03]} 2. d4 {[%clk 0:02:57]} Nf6
{[%clk 0:03:03]} 3. e3 {[%clk 0:02:57]} e6 {[%clk 0:03:00]} 4. c4
{[%clk 0:02:52]} b6 {[%clk 0:02:59]} 5. Bd3 {[%clk 0:02:43]} Bb7 {[%clk 0:02:59]}
6. cxd5 {[%clk 0:02:43]} exd5 {[%clk 0:02:59]} 7. O-O {[%clk 0:02:39]} Bd6
{[%clk 0:03:00]} 8. Nc3 {[%clk 0:02:29]} O-O {[%clk 0:02:57]} 9. Qc2
{[%clk 0:02:28]} c5 {[%clk 0:02:26]} 10. b3 {[%clk 0:02:24]} Nc6 {[%clk 0:02:23]}
11. a3 {[%clk 0:02:21]} Rc8 {[%clk 0:02:21]} 12. Bb2 {[%clk 0:01:53]} Re8
{[%clk 0:01:57]} 13. Bf5 {[%clk 0:01:51]} Ra8 {[%clk 0:01:35]} 14. dxc5
{[%clk 0:01:48]} Bxc5 {[%clk 0:01:17]} 15. Rfd1 {[%clk 0:01:27]} Ne7
{[%clk 0:01:17]} 16. Bd3 {[%clk 0:01:20]} Rc8 {[%clk 0:01:12]} 17. b4
{[%clk 0:01:17]} Bd6 {[%clk 0:01:11]} 18. Bb5 {[%clk 0:00:59]} Rf8
{[%clk 0:01:04]} 19. Qd3 {[%clk 0:00:58]} Bb8 {[%clk 0:00:41]} 20. Ba6
{[%clk 0:00:55]} Qd7 {[%clk 0:00:32]} 21. Bxb7 {[%clk 0:00:53]} Qxb7
{[%clk 0:00:32]} 22. Rac1 {[%clk 0:00:44]} Rcd8 {[%clk 0:00:33]} 23. Nb5
{[%clk 0:00:44]} Ne4 {[%clk 0:00:32]} 24. Be5 {[%clk 0:00:44]} Ng6
{[%clk 0:00:14]} 25. Bxb8 {[%clk 0:00:34]} Qxb8 {[%clk 0:00:15]} 26. Nc7
{[%clk 0:00:20]} Nf6 {[%clk 0:00:12]} 27. Qd4 {[%clk 0:00:18]} Rd7
{[%clk 0:00:11]} 28. Nb5 {[%clk 0:00:15]} Rc8 {[%clk 0:00:10]} 29. Rxc8+
{[%clk 0:00:12]} Qxc8 {[%clk 0:00:11]} 30. Qc3 {[%clk 0:00:12]} Qe8
{[%clk 0:00:08]} 31. Qc6 {[%clk 0:00:10]} h6 {[%clk 0:00:09]} 32. h3
{[%clk 0:00:08]} Ne7 {[%clk 0:00:10]} 33. Qc2 {[%clk 0:00:08]} Rd8
{[%clk 0:00:09]} 34. Nbd4 {[%clk 0:00:08]} Rc8 {[%clk 0:00:10]} 35. Qb3
{[%clk 0:00:08]} Ng6 {[%clk 0:00:11]} 36. Nf5 {[%clk 0:00:08]} Qd7
{[%clk 0:00:11]} 37. N3d4 {[%clk 0:00:09]} Ne5 {[%clk 0:00:12]} 38. Qb2
{[%clk 0:00:09]} Nc4 {[%clk 0:00:13]} 39. Qa2 {[%clk 0:00:10]} Ne4
{[%clk 0:00:14]} 40. Qb3 {[%clk 0:00:06]} h5 {[%clk 0:00:11]} 41. Nh4
{[%clk 0:00:06]} Ncd2 {[%clk 0:00:07]} 42. Qd3 {[%clk 0:00:05]} Nc4
{[%clk 0:00:08]} 43. Qb3 {[%clk 0:00:05]} Ncd2 {[%clk 0:00:05]} 44. Qd3
{[%clk 0:00:06]} Nc4 {[%clk 0:00:05]} 45. Ndf5 {[%clk 0:00:07]} g6
{[%clk 0:00:04]} 46. Nd4 {[%clk 0:00:04]} Nb2 {[%clk 0:00:05]} 47. Qb3
{[%clk 0:00:05]} Nxd1 48. Qxd1 {[%clk 0:00:06]} Qc7 {[%clk 0:00:07]} 49. Qd3
{[%clk 0:00:05]} Qc1+ {[%clk 0:00:08]} 50. Kh2 {[%clk 0:00:07]} Nxf2
{[%clk 0:00:05]} 51. Qa6 {[%clk 0:00:07]} Qh1+ {[%clk 0:00:06]} 52. Kg3
{[%clk 0:00:08]} Ne4+ {[%clk 0:00:07]} 53. Kf4 {[%clk 0:00:08]} Qh2+
{[%clk 0:00:07]} 54. Kf3 {[%clk 0:00:06]} Qg3+ {[%clk 0:00:08]} 55. Ke2
{[%clk 0:00:07]} Qf2+ {[%clk 0:00:09]} 0-1

[Event "blitmenteam"]
[Site "?"]
[Date "2016.10.07"]
[Round "15.7"]
[White "Pridorozhni, Aleksei"]
[Black "Nazaretyan, Tigran"]
[Result "1-0"]
[LiveChessVersion "1.4.4"]
[BlackElo "2359"]
[WhiteElo "2611"]

1. e4 {[%clk 0:03:03]} c5 {[%clk 0:03:03]} 2. Nc3 {[%clk 0:03:04]} Nc6
{[%clk 0:03:02]} 3. Bb5 {[%clk 0:03:05]} Nd4 {[%clk 0:02:58]} 4. Nf3
{[%clk 0:03:06]} g6 {[%clk 0:02:56]} 5. Nxd4 {[%clk 0:03:06]} cxd4
{[%clk 0:02:57]} 6. Ne2 {[%clk 0:03:07]} Bg7 {[%clk 0:02:58]} 7. c3
{[%clk 0:03:08]} a6 {[%clk 0:02:51]} 8. Bc4 {[%clk 0:03:03]} dxc3
{[%clk 0:02:30]} 9. bxc3 {[%clk 0:03:03]} d6 {[%clk 0:02:27]} 10. d4
{[%clk 0:03:02]} Nf6 {[%clk 0:02:09]} 11. Bd3 {[%clk 0:03:03]} O-O
{[%clk 0:02:08]} 12. O-O {[%clk 0:03:01]} d5 {[%clk 0:02:04]} 13. e5
{[%clk 0:03:01]} Ne8 {[%clk 0:02:02]} 14. Bg5 {[%clk 0:02:52]} f6
{[%clk 0:02:01]} 15. exf6 {[%clk 0:02:52]} exf6 {[%clk 0:02:02]} 16. Bf4
{[%clk 0:02:52]} Nd6 {[%clk 0:01:55]} 17. Qb3 {[%clk 0:02:48]} Be6
{[%clk 0:01:46]} 18. Bg3 {[%clk 0:02:45]} b5 {[%clk 0:01:38]} 19. a4
{[%clk 0:02:24]} Nc4 {[%clk 0:01:39]} 20. Bxc4 {[%clk 0:02:21]} dxc4
{[%clk 0:01:38]} 21. Qb4 {[%clk 0:02:20]} Bd7 {[%clk 0:01:14]} 22. axb5
{[%clk 0:02:18]} axb5 {[%clk 0:01:15]} 23. Nf4 {[%clk 0:02:09]} Re8
{[%clk 0:00:57]} 24. h3 {[%clk 0:02:07]} Bf8 {[%clk 0:00:58]} 25. Qb2
{[%clk 0:02:07]} Bd6 {[%clk 0:00:59]} 26. Nd5 {[%clk 0:01:44]} Rxa1
{[%clk 0:00:54]} 27. Qxa1 {[%clk 0:01:45]} Bc6 {[%clk 0:00:50]} 28. Qa6
{[%clk 0:01:14]} Bxd5 {[%clk 0:00:41]} 29. Qxd6 {[%clk 0:01:15]} Qxd6
{[%clk 0:00:42]} 30. Bxd6 {[%clk 0:01:15]} Re2 {[%clk 0:00:38]} 31. Ra1
{[%clk 0:01:15]} h5 {[%clk 0:00:25]} 32. Ra5 {[%clk 0:01:03]} Rb2
{[%clk 0:00:25]} 33. Bb4 {[%clk 0:01:03]} Bc6 {[%clk 0:00:27]} 34. Ra6
{[%clk 0:01:03]} Rb1+ {[%clk 0:00:28]} 35. Kh2 {[%clk 0:01:03]} Be4
{[%clk 0:00:26]} 36. f3 {[%clk 0:01:00]} Bd3 {[%clk 0:00:25]} 37. Rxf6
{[%clk 0:00:34]} Rb2 {[%clk 0:00:15]} 38. Kg3 {[%clk 0:00:25]} Kg7
{[%clk 0:00:16]} 39. Rc6 {[%clk 0:00:20]} Bf1 {[%clk 0:00:17]} 40. h4
{[%clk 0:00:20]} Rxg2+ {[%clk 0:00:18]} 41. Kf4 {[%clk 0:00:21]} Rh2
{[%clk 0:00:16]} 42. Be7 {[%clk 0:00:21]} Rh3 {[%clk 0:00:12]} 43. Bf6+
{[%clk 0:00:17]} Kf7 {[%clk 0:00:14]} 44. Ke5 {[%clk 0:00:17]} Rxf3
{[%clk 0:00:12]} 45. Rc7+ {[%clk 0:00:17]} Ke8 {[%clk 0:00:12]} 46. d5
{[%clk 0:00:15]} Rf5+ {[%clk 0:00:12]} 47. Ke6 {[%clk 0:00:15]} Rxf6+ 48. Kxf6
{[%clk 0:00:16]} Kd8 {[%clk 0:00:05]} 49. Rb7 {[%clk 0:00:16]} Bd3
{[%clk 0:00:04]} 50. Rxb5 {[%clk 0:00:16]} Kd7 {[%clk 0:00:05]} 51. Rb6
{[%clk 0:00:17]} Kc7 {[%clk 0:00:07]} 52. Rc6+ {[%clk 0:00:17]} Kd7
{[%clk 0:00:08]} 53. Kg5 {[%clk 0:00:17]} Ke7 {[%clk 0:00:08]} 54. Kf4
{[%clk 0:00:12]} Kd7 {[%clk 0:00:09]} 55. Ke5 {[%clk 0:00:13]} Kd8
{[%clk 0:00:06]} 56. Ra6 {[%clk 0:00:13]} Kc7 {[%clk 0:00:07]} 57. d6+
{[%clk 0:00:13]} Kb7 {[%clk 0:00:05]} 58. d7 {[%clk 0:00:13]} Kc7
{[%clk 0:00:07]} 59. Ra7+ {[%clk 0:00:14]} Kd8 {[%clk 0:00:08]} 60. Kd6
{[%clk 0:00:14]} Be4 {[%clk 0:00:09]} 61. Rc7 {[%clk 0:00:15]} 1-0